Clock! : (Record no. 142184)

MARC details
000 -LEADER
fixed length control field 00649nam a22001817a 4500
005 - DATE AND TIME OF LATEST TRANSACTION
control field 20170629155532.0
010 ## - LCCN (DPL NO)
LC control number ENG-119064
020 ## - INTERNATIONAL STANDARD BOOK NUMBER
Terms of availability 499.00
International Standard Book Number 9789351950271
035 ## - SYSTEM CONTROL NUMBER
System control number EN-102596
037 ## - SOURCE OF ACQUISITION
Source of stock number/acquisition DBAD/PUB
082 ## - DEWEY DECIMAL CLASSIFICATION NUMBER
Classification number 658
100 ## - MAIN ENTRY--PERSONAL NAME
Personal name Bhanver, Jagmohan
245 ## - TITLE STATEMENT
Title Clock! :
Statement of responsibility, etc by Jagmohan Bhanver [and] Komal Bhanver
Remainder of title the amazing story of india's e-commerce boom and where it's headed /
260 ## - PUBLICATION, DISTRIBUTION, ETC. (IMPRINT)
Place of publication, distribution, etc Gurugram
Name of publisher, distributor, etc Hachette Book Publishing India Pvt. Ltd.
Date of publication, distribution, etc 2017
270 ## - ADDRESS
City Gurugram
Postal code 122003
Address 4th & 5th floors, Corporate Centre, Plot No. 94, Sector 44
300 ## - PHYSICAL DESCRIPTION
Extent vii,310p.
Dimensions 22cm(Hb)
942 ## - ADDED ENTRY ELEMENTS (KOHA)
Source of classification or shelving scheme Dewey Decimal Classification
Item type English Books
Call number suffix BHA
Classification part 658
Holdings
Withdrawn status Lost status Not for loan Collection code Home library Current library Date acquired Source of acquisition Cost, normal purchase price Full call number Barcode Copy number Cost, replacement price Koha item type
    Not For Loan Non-fiction D.B.Act.Division D.B.Act.Division 29/06/2017 DBAD/PUB 499.00 658 BHA EN-102596 1 499.00 English Books

© Delhi Public Library
Hit Counter
free hit counter